Verginità e matrimonio. Due parabole dell'unico amore. (Record n. 213177)

Dettagli MARC
000 -LEADER
campo di controllo lung. fissa 02048nam a2200241Ia 4500
001 - Numero di controllo
campo di controllo b4122-26791 [3803]
003 - Identificatore del numero di controllo
campo di controllo IT-MiCISF
005 - Data e orario dell'ultima transazione
campo di controllo 20240515153525.0
008 - Elementi di lunghezza fissa--Informazione generale
campo di controllo lung. fissa 161014s9999||||xx |||||||||||||| ||und||
040 ## - Fonte della catalogazione
Agenzia catalografica originale IT-MiCISF
Agenzia che fa la trascrizione IT-MiCISF
041 ## - Codice di lingua
Codice di lingua del testo/traccia sonora o titolo separato it
100 ## - Accesso principale -- nome di persona
Nome di persona Bonetti Renzo (a cura di)
9 (RLIN) 60712
245 #0 - Formulazione del titolo
Titolo Verginità e matrimonio. Due parabole dell'unico amore.
Complemento del titolo Atti del seminario di studio, Loreto, 4-7 settembre 1997
Formulazione di responsabilità, ecc. Seminario organizzato da: CEI-Ufficio nazionale per la pastorale della famiglia e Usmi-Unione superiore maggiori d'Italia.
260 ## - Pubblicazione, distribuzione, ecc. (stampa)
Luogo di pubblicazione, distribuzione, ecc. Milano,
Nome dell'editore, distributore, ecc. Ancora,
Data di pubblicazione, distribuzione, ecc. 1998
300 ## - Descrizione fisica
Estensione pp. 363
500 ## - Nota generale
Nota generale matrimonio-sacramento, verginità, vocazione, teologia, bibbia, evangelizzazione, operatori-pastorali, formazione, magistero, pastorale-familiare, spiritualità-coniugale, religioni-non-cattoliche
520 ## - Riassunto, ecc.
Nota di riassunto, ecc. Verginità e Matrimonio. Una lunga e radicata tradizione ha considerato queste due vocazioni ecclesiali come fossero separate, se non contrapposte. Per superare questa visione dualistica, l’Ufficio Nazionale per la Pastorale della Famiglia della CEI e l’Unione Superiore maggiori hanno organizzato a Loreto (4-7 settembre 1997) un seminario di studio sul tema: Verginità e Matrimonio, due parabole dell’Unico Amore. Le parole di Giovanni Paolo II «Il Matrimonio e la Verginità sono due modi di esprimere e di vivere l’unico Mistero dell’Alleanza di Dio con il suo popolo» (Familiaris consortio, n. 16) hanno fatto da leit-motiv alle intense giornate del convegno. Le relazioni che pubblichiamo, ricche e stimolanti, risentono della bellezza e della fatica dei primi passi in un campo affascinante e complesso.
650 ## - Accesso aggiunto di soggetto--termine topico
Termine topico o nome geografico come accesso matrimonio
654 ## - Accesso aggiunto di soggetto--termini topici faccettati
Termine principale saggio
700 ## - Accesso aggiunto--nome di persona
Nome di persona Anfossi G., Auletta A., Barbiero F., Bartolini E., Bettinelli C., Bonetti R., Danese A.
-- De Paoli L., Del Core P., Di Nicola G.P., Gargano I., Giuliodori C., Marcheselli G.,
-- ,Muià M., Neglia A., Rocchetta C., Valdman T., Vanzan P., Vasciaveo C., Venturi M.
9 (RLIN) 60713
942 ## - Dati aggiuntivi (Koha)
Tipo copia default (Koha) LIBRO
Fonte della classificazione o dello schema di collocazione (segnatura) Dewey Decimal Classification
999 ## - Sys Number locale (Koha)
Koha Dewey Subclass [OBSOLETE] si
Dati di copia
Ritirato (status) Perso (status) Danneggiato (status) Non per il presito Biblioteca proprietaria Biblioteca in cui si trova Data d'acquisizione Totale prestiti Collocazione Data ultima operazione Prezzo in vigore dal Tipo copia default (Koha) Nota pubblica
    Buone Condizioni Not For Loan CISF - Milano CISF - Milano 14/10/2016   b4122-26791 [3803] 14/10/2016 14/10/2016 LIBRO Data import 15.10.2016 / by Epidotti, Vaglietti
CREDITS: SOCIETA' SAN PAOLO Via A.Severo, 58 - ROMA (RM) & PERIODICI SAN PAOLO SRL Via Giotto, 36 MILANO & CISF Via Giotto, 36 MILANO & EDIZIONI SAN PAOLO SRL,  Piazza Soncino, 5 CINISELLO BALSAMO (MI) -- ITALY